Návrh opatrení na zlepšenie tímovej práce v HB STEEL, s.r.o.

Saved in:
Bibliographic Details
Main Author: Macháč, Jakub (Author)
Other Authors: Lenhardtová, Zuzana (Thesis advisor)
Format: Manuscript Book
Language:Slovak
Published: 2016
Subjects:
Online Access:http://is.stuba.sk/zp/portal_zp.pl?podrobnosti=102082
Tags: Add Tag
No Tags, Be the first to tag this record!

MARC

LEADER 00000ntm a22000003a 4500
001 stuzp56678
003 SK-STU
005 20160719155049.8
007 ta
008 150427s2015----xo-----f-mn---000-0-slo-d
040 |a STU  |b slo 
041 0 |a slo 
100 1 |a Macháč, Jakub  |u 064000  |4 aut  |U MTF Materiálovotechnologická fakulta  |T MTF Ústav priemyselného inžinierstva a manažmentu  |X 61400  |U M4000  |Y 84  |7 61400 
242 0 1 |a Proposal to improve teamwork measures in Company HB steel s.r.o  |y eng 
245 1 0 |a Návrh opatrení na zlepšenie tímovej práce v HB STEEL, s.r.o. 
260 |c 2016 
650 4 |a Tím  |2 slo 
650 4 |a Tímová práca  |2 slo 
650 4 |a Synergia  |2 slo 
650 4 |a Role v tíme  |2 slo 
650 4 |a Teambuilding  |2 slo 
650 4 |a team  |2 eng 
650 4 |a teamwork  |2 eng 
650 4 |a synergy  |2 eng 
650 4 |a team roles  |2 eng 
650 4 |a teambuilding  |2 eng 
700 1 |a Lenhardtová, Zuzana  |4 ths  |X 10274  |7 A000010274 
856 4 |u http://is.stuba.sk/zp/portal_zp.pl?podrobnosti=102082 
996 |c M* BP-7863  |l MMSKP  |s P  |a 0  |w stuzp56678_0001 
SQL |a stuzp56678  |b DBP  |c SLO  |d Návrh opatrení na zlepšenie tímovej práce v HB STEEL, s.r.o.  |e 61400  |f Macháč, Jakub  |g 064000  |h 10274  |i Lenhardtová, Zuzana  |j 20160621  |k 175  |l 06  |m http://is.stuba.sk/zp/portal_zp.pl?podrobnosti=102082  |n B-PMA  |o 5.2.52. priemyselné inžinierstvo